| 000 | 00617nam a22002177a 4500 | ||
|---|---|---|---|
| 003 | OSt | ||
| 005 | 20140310181705.0 | ||
| 008 | 121121t xxu||||| |||| 00| 0 eng d | ||
| 020 | _a0721404855 | ||
| 050 |
_aPZ 7 _b.H937 1978 |
||
| 082 |
_aKF _bH89d 1978 |
||
| 100 |
_aHunia, Fran _96644 |
||
| 245 |
_aDick Whittington / _cFran Hunia |
||
| 260 |
_aLoughborough : _bLadybird Books, _cc1978. |
||
| 300 |
_a50 p. _bcol. ill. ; _c18 cm. |
||
| 541 | _j1 | ||
| 562 | _e1 | ||
| 650 |
_aFolklore _xEngland. _96645 |
||
| 650 |
_aWhittington, Richard _xLegends _xJuvenile literature. _96646 |
||
| 942 |
_2lcc _cBK-KF _kKF |
||
| 999 |
_c1293 _d1293 |
||